Welcome to CU Library Online Public Access Catalogue (OPAC)

The Ghana Law Reports 1975 Vol. 1 (Record no. 662)

MARC details
000 -LEADER
fixed length control field 00441nam a22001337a 4500
005 - DATE AND TIME OF LATEST TRANSACTION
control field 20241105222000.0
008 - FIXED-LENGTH DATA ELEMENTS--GENERAL INFORMATION
fixed length control field 241105b |||||||| |||| 00| 0 eng d
245 ## - TITLE STATEMENT
Title The Ghana Law Reports 1975 Vol. 1
260 ## - PUBLICATION, DISTRIBUTION, ETC.
Place of publication, distribution, etc. Accra, Ghana
Name of publisher, distributor, etc. Concil for Law Reporting
Date of publication, distribution, etc. 1975
300 ## - PHYSICAL DESCRIPTION
Extent xxxii, 525 pages
Dimensions 25 cm
500 ## - GENERAL NOTE
General note Cases determined by the High Court and the Court of Appeal of the Republic of Ghana.
650 ## - SUBJECT ADDED ENTRY--TOPICAL TERM
Source of heading or term Law Reports
942 ## - ADDED ENTRY ELEMENTS (KOHA)
Source of classification or shelving scheme Library of Congress Classification
Koha item type Books
Suppress in OPAC No
999 ## -
-- 662
-- 662
Holdings
Withdrawn status Lost status Source of classification or shelving scheme Damaged status Not for loan Collection Home library Current library Shelving location Date acquired Total checkouts Full call number Barcode Date last seen Copy number Price effective from Koha item type
    Library of Congress Classification     Reference Law Library (Christ Temple) Law Library (Christ Temple) General stacks 07/04/2025   GLR75 VOL.1 K528.G4 GHA LLCT00000845 07/04/2025 1 07/04/2025 Books
    Library of Congress Classification     Reference Law Library (Christ Temple) Law Library (Christ Temple) General stacks 07/04/2025   GLR75 VOL.1 K528.G4 GHA LLCT00000846 07/04/2025 2 07/04/2025 Books
    Library of Congress Classification     Non-fiction Law Library (Miotso) Law Library (Miotso) General stacks 11/18/2024   GLR 75 Vol. 1 K528.G4 GHA LLM00001064 11/18/2024 2 11/18/2024 Books
    Library of Congress Classification     Non-fiction Law Library Annex (Miotso) Law Library Annex (Miotso) General stacks 11/05/2024   GLR 75 Vol. 1 K528.G4 GHA LLM00000391 11/05/2024 1 11/05/2024 Books
© 2023-2024 Copyright: Central University Libraries. All Rights Reserved | Created by: Mahone Tech Office